Chiến tranh Việt Nam và kinh tế Mỹ

Guardat en:
Dades bibliogràfiques
Autor principal: Văn Tập
Format: Llibre
Idioma:Undetermined
Publicat: Hà Nội KHXH 1973
Matèries:
Etiquetes: Afegir etiqueta
Sense etiquetes, Sigues el primer a etiquetar aquest registre!
Thư viện lưu trữ: Trung tâm Học liệu Trường Đại học Cần Thơ
LEADER 00511nam a2200169Ia 4500
001 CTU_5580
008 210402s9999 xx 000 0 und d
082 |a 330.973 
082 |b V115 
100 |a Văn Tập 
245 0 |a Chiến tranh Việt Nam và kinh tế Mỹ 
245 0 |c Văn Tập 
260 |a Hà Nội 
260 |b KHXH 
260 |c 1973 
650 |a united states - economic conditions,vietnamese conflict, 1960 - 1975 
980 |a Trung tâm Học liệu Trường Đại học Cần Thơ